000 00313nam a2200133 a 4500
001 4413
003 CDMR
005 20130116135255.0
008 130130s2003||||||||||||||||||||||||||||d
040 _aCDMR
_bcat
_cCDMR
245 0 _aEn Patufet (1904-1938)
260 _aBarcelona
_c2003
_bLlibres de l'Índex
942 _cMON
999 _c4413
_d4413